Madhya Siddhanta Kaumudi of Varadarajacharya: Sudha-Indumati Teekadvayopeta (Record no. 11601)
[ view plain ]
| 000 -LEADER | |
|---|---|
| fixed length control field | 00392nam a2200133Ia 4500 |
| 008 - FIXED-LENGTH DATA ELEMENTS--GENERAL INFORMATION | |
| fixed length control field | 190926s9999||||xx |||||||||||||| ||und|| |
| 082 ## - DEWEY DECIMAL CLASSIFICATION NUMBER | |
| Classification number | 242 |
| Item number | JOS/M |
| 100 ## - MAIN ENTRY--PERSONAL NAME | |
| Personal name | Joshi, Sadashiv Shastri |
| 245 #0 - TITLE STATEMENT | |
| Title | Madhya Siddhanta Kaumudi of Varadarajacharya: Sudha-Indumati Teekadvayopeta |
| 250 ## - EDITION STATEMENT | |
| Edition statement | 4 |
| 260 ## - PUBLICATION, DISTRIBUTION, ETC. | |
| Place of publication, distribution, etc. | Varanasi |
| Name of publisher, distributor, etc. | Chaukhambha Sanskrit Series Office |
| Date of publication, distribution, etc. | 1976 |
| 300 ## - PHYSICAL DESCRIPTION | |
| Extent | 754 |
| 942 ## - ADDED ENTRY ELEMENTS (KOHA) | |
| Koha item type | Book |
No items available.